000
00319nam a2200109Ia 4500
008
200302s9999 xx 000 0 und d
100
_a
Renata-Holod & Other
245
_a
The Mosque and the Modern World Architects Patrons & Designs Since the 1950
260
_b
Thames and Hudson Ltd.
260
_c
1997
300
_a
288 P.,
999
_c
1744
_d
1744